Books of hours (Record no. 118557)

MARC details
000 -LEADER
fixed length control field 00520nam a2200193Ia 4500
008 - FIXED-LENGTH DATA ELEMENTS--GENERAL INFORMATION
fixed length control field 191130s1996##################000#0#eng##
020 ## - INTERNATIONAL STANDARD BOOK NUMBER
ISBN 9780714834641
082 ## - DEWEY DECIMAL CLASSIFICATION NUMBER
Classification number 745.67094 BOO
245 ## - TITLE STATEMENT
Title Books of hours
260 ## - PUBLICATION, DISTRIBUTION, ETC. (IMPRINT)
Place of publication London
Name of publisher Phaidon
Year of publication 1996
300 ## - PHYSICAL DESCRIPTION
Number of Pages 1 v. (unpaged) : col. ill. ; 12 cm
650 ## - SUBJECT ADDED ENTRY--TOPICAL TERM
Topical Term Books of hours
Topical Term Illumination of books and manuscripts
991 ## -
-- 389816
Holdings
Withdrawn status Lost status Damaged status Not for loan Home library Current library Shelving location Date acquired Full call number Accession Number Price effective from Koha item type
        Anna Centenary Library Anna Centenary Library 6TH FLOOR, B WING 12.10.2020 745.67094 BOO 473072 12.10.2020 English Books

Find us on the map